书目信息 |
| 题名: |
化学之树
|
|
| 作者: | 周栋 著 | |
| 分册: | ||
| 出版信息: | 广州 华南理工大学出版社 2020.8 |
|
| 页数: | 328页 | |
| 开本: | 26cm | |
| 丛书名: | ||
| 单 册: | ||
| 中图分类: | G634.83 | |
| 科图分类: | ||
| 主题词: | 中学化学课--高中--教学参考资料 | |
| 电子资源: | ||
| ISBN: | 978-7-5623-6437-5 | |
| 000 | 00789nam0 2200241 45 | |
| 001 | 012001001335 | |
| 005 | 20140913145010.0 | |
| 010 | @a978-7-5623-6437-5@dCNY60.00 | |
| 100 | @a20210630d2020 em y0chiy50 ea | |
| 101 | 0 | @achi |
| 102 | @aCN@b440000 | |
| 105 | @aa z 000yy | |
| 106 | @ar | |
| 200 | 1 | @a化学之树@Ahua xue zhi shu@b专著@f周栋著 |
| 210 | @a广州@c华南理工大学出版社@d2020.8 | |
| 215 | @a328页@c图@d26cm | |
| 300 | @a广东省教育科学规划课题“学科思想思维方法与高中学科互动教学研究” | |
| 330 | @a本书共分四章,内容包括:化学树在蒸腾、化学树在回馈、物质的精华、物质之间的相互转化与高考题。 | |
| 606 | 0 | @a中学化学课@x高中@j教学参考资料 |
| 690 | @aG634.83@v5 | |
| 701 | 0 | @a周栋@Azhou dong@4著 |
| 801 | 0 | @aCN@bBJSDL@c20211011 |
| 905 | @b1333982-6@dG634.83@e2400@f5 | |
| 化学之树/周栋著.-广州:华南理工大学出版社,2020.8 |
| 328页:图;26cm |
| 广东省教育科学规划课题“学科思想思维方法与高中学科互动教学研究” |
| ISBN 978-7-5623-6437-5:CNY60.00 |
| 本书共分四章,内容包括:化学树在蒸腾、化学树在回馈、物质的精华、物质之间的相互转化与高考题。 |
| ● |
| 相关链接 |
|
|
|
|
正题名:化学之树
索取号:G634.83/2400
 
预约/预借
| 序号 | 登录号 | 条形码 | 馆藏地/架位号 | 状态 | 备注 |
| 1 | 1333982 | 213339822 | 第一样本阅览室/ [索取号:G634.83/2400] | 在馆 | |
| 2 | 1333983 | 213339831 | 第四借阅区/ [索取号:G634.83/2400] | 在馆 | |
| 3 | 1333984 | 213339840 | 第四借阅区/ [索取号:G634.83/2400] | 在馆 | |
| 4 | 1333985 | 213339859 | 第四借阅区/ [索取号:G634.83/2400] | 在馆 | |
| 5 | 1333986 | 213339868 | 第四借阅区/ [索取号:G634.83/2400] | 在馆 |